000 00560nam a2200205 i 4500
001 bgj
100 1 _aGRAVES, Kathleen.
245 1 0 _aEast West :
_bstudent book 3 /
_cKathleen Graves and David P. Rein.
260 _aNew York :
_bOxford University Press,
_c1990.
300 _a121 pp ;
_c26 cm.
650 9 _aEnglish language
655 _aTextbooks for foreign speakers
700 1 _aREIN, David P.
020 _a0194342492
040 _cBPK
041 0 _aeng
920 _a0-19-434249-2
942 _cKS
008 s uk f |000 0 eng
999 _c47352
_d47352
856 _uhttp://koha.tu.koszalin.pl/cgi-bin/koha/opac-detail.pl?biblionumber=47352
_yKatalog online BPK